[Event "POL-chT U20"]
[Site "Chotowa"]
[Date "2025.06.22"]
[Round "9.24"]
[White "Popczynska, Michalina"]
[Black "Owczarek, Hanna"]
[Result "1/2-1/2"]
[WhiteElo "1877"]
[BlackElo "1842"]
[PlyCount "146"]
[EventDate "2025.06.14"]
[EventType "team-tourn"]
[EventRounds "9"]
[EventCountry "POL"]
[SourceTitle "CB27_2025"]
[SourceDate "2025.07.02"]
[SourceVersion "1"]
[SourceVersionDate "2025.07.02"]
[SourceQuality "1"]
[WhiteTeam "Wroclaw Srodmiescie"]
[BlackTeam "Wroclaw Polonia Votum"]
[WhiteTeamCountry "POL"]
[BlackTeamCountry "POL"]

1. e4 c5 2. Nf3 Nc6 3. Bb5 g6 4. Bxc6 dxc6 5. d3 Bg7 6. h3 b6 7. Nc3 Nf6 8. Be3 Qc7 9. Qd2 e5 10. 0-0 0-0 11. Nh2 Nh5 12. Ne2 Rd8 13. Qc1 Be6 14. f4 exf4 15. Nxf4 Nxf4 16. Bxf4 Qd7 17. Nf3 c4 18. dxc4 Bxc4 19. Re1 Re8 20. Kh1 Rad8 21. Bh6 Bh8 22. a4 c5 23. Ra3 Qc6 24. Rae3 Be6 25. b3 c4 26. e5 Bd5 27. Bf4 Qe6 28. b4 Bxf3 29. Rxf3 f6 30. Rfe3 fxe5 31. Bxe5 Bxe5 32. Rxe5 Qxe5 33. Rxe5 Rxe5 34. Qf4 Re1+ 35. Kh2 Rc8 36. Qd6 Ree8 37. Qd7 a5 38. bxa5 bxa5 39. Qd5+ Kg7 40. Qxa5 c3 41. Qb6 h5 42. a5 Kh6 43. Qf2 Re7 44. a6 Kh7 45. Qf6 Ra7 46. Qd4 Rcc7 47. Qf6 Rc8 48. Qd4 Rca8 49. Qxc3 Rxa6 50. Qc7+ Kh6 51. c4 R6a7 52. Qc5 Rf7 53. Qd5 Raa7 54. Qd8 Kh7 55. Qd6 Rac7 56. c5 Rc8 57. Qe6 Rfc7 58. h4 Rc6 59. Qd7+ Kg8 60. Qd5+ Kf8 61. Qf3+ Kg7 62. Qc3+ Kh7 63. Qf3 R8c7 64. g3 Rxc5 65. Qe4 Rc2+ 66. Kh3 Rf2 67. Qe5 Rff7 68. Qd5 Rce7 69. Qc5 Re2 70. Qc6 Rff2 71. Qh1 Re7 72. Qc6 Rf1 73. Qd5 Re2 1/2-1/2

[Event "POL-chT U20"]
[Site "Chotowa"]
[Date "2025.06.18"]
[Round "5.12"]
[White "Popczynska, Michalina"]
[Black "Matskevich, Varvara"]
[Result "1/2-1/2"]
[WhiteElo "1877"]
[BlackElo "1911"]
[PlyCount "91"]
[EventDate "2025.06.14"]
[EventType "team-tourn"]
[EventRounds "9"]
[EventCountry "POL"]
[SourceTitle "CB27_2025"]
[SourceDate "2025.07.02"]
[SourceVersion "1"]
[SourceVersionDate "2025.07.02"]
[SourceQuality "1"]
[WhiteTeam "Wroclaw Srodmiescie"]
[BlackTeam "Warszawa Czternastka"]
[WhiteTeamCountry "POL"]
[BlackTeamCountry "POL"]

1. e4 c5 2. Nf3 d6 3. d4 cxd4 4. Nxd4 Nf6 5. Nc3 a6 6. Be3 e5 7. Nf3 Be7 8. Bc4 0-0 9. 0-0 Qc7 10. Bb3 Nbd7 11. Bg5 h6 12. Bxf6 Nxf6 13. Nd5 Nxd5 14. Bxd5 Kh8 15. c3 f5 16. Qb3 f4 17. Be6 Rf6 18. Bxc8 Rxc8 19. Qd5 Qb6 20. Rfd1 Rc5 21. Qd2 g5 22. h3 Kh7 23. Qe2 Kg6 24. h4 g4 25. h5+ Kh7 26. Nh4 f3 27. Qe3 fxg2 28. b4 Rc6 29. Qxb6 Rxb6 30. Nf5 Rxf5 31. exf5 Kg7 32. Kxg2 Kf6 33. Kg3 Kxf5 34. Rd3 Bg5 35. Rad1 Bf4+ 36. Kg2 Ke6 37. a3 Rc6 38. c4 Ke7 39. c5 dxc5 40. Rd7+ Ke6 41. bxc5 Rxc5 42. R1d6+ Kf5 43. Rxb7 Ra5 44. Rbb6 Rxa3 45. Rf6+ Ke4 46. Rxa6 1/2-1/2

[Event "POL-chT U20"]
[Site "Chotowa"]
[Date "2025.06.17"]
[Round "4.30"]
[White "Ejsymont, Blanka"]
[Black "Popczynska, Michalina"]
[Result "1-0"]
[WhiteElo "1984"]
[BlackElo "1877"]
[PlyCount "75"]
[EventDate "2025.06.14"]
[EventType "team-tourn"]
[EventRounds "9"]
[EventCountry "POL"]
[SourceTitle "CB27_2025"]
[SourceDate "2025.07.02"]
[SourceVersion "1"]
[SourceVersionDate "2025.07.02"]
[SourceQuality "1"]
[WhiteTeam "Czarna LKSz"]
[BlackTeam "Wroclaw Srodmiescie"]
[WhiteTeamCountry "POL"]
[BlackTeamCountry "POL"]

1. e4 c5 2. Nf3 d6 3. d4 cxd4 4. Nxd4 Nf6 5. Nc3 Nc6 6. f3 e5 7. Nb3 Be6 8. Nd5 Be7 9. Be3 Nd7 10. Qd2 a5 11. a4 h6 12. 0-0-0 Bg5 13. Bc4 Rc8 14. Bxg5 hxg5 15. Ne3 Nb6 16. Bxe6 fxe6 17. Qxd6 Qxd6 18. Rxd6 Ke7 19. Rhd1 Rc7 20. Nc5 Rxh2 21. Nxe6 Rc8 22. Nf5+ Ke8 23. R6d2 Kf7 24. Nxg5+ Kf6 25. Nh3 Nc4 26. Re2 Rh8 27. Nf2 R2h7 28. Ng4+ Kg5 29. b3 g6 30. Ng3 Nb6 31. c3 Rc7 32. Kb2 Kf4 33. Nf1 Rd8 34. Rxd8 Nxd8 35. Rd2 Rd7 36. Rxd7 Nxd7 37. Nf2 Ne6 38. Nh3# 1-0

[Event "Wch U14 Girls blitz"]
[Site "Terme Catez"]
[Date "2024.12.16"]
[Round "18"]
[White "Brunner, Josephina Akiko"]
[Black "Popczynska, Michalina"]
[Result "0-1"]
[WhiteElo "1720"]
[BlackElo "1750"]
[PlyCount "63"]
[EventDate "2024.12.16"]
[EventType "swiss (blitz)"]
[EventRounds "22"]
[EventCountry "SLO"]
[SourceTitle "CB51_2024"]
[SourceDate "2024.12.18"]
[SourceVersion "1"]
[SourceVersionDate "2024.12.18"]
[SourceQuality "1"]

1. e4 c5 2. Nf3 Nc6 3. d4 cxd4 4. Nxd4 g6 5. c4 Bg7 6. Be3 Nf6 7. Nc3 0-0 8. Be2 d6 9. 0-0 Nxd4 10. Bxd4 Be6 11. f3 Qa5 12. Nd5 Bxd5 13. cxd5 Nd7 14. Bxg7 Kxg7 15. Qd4+ Kg8 16. a3 a6 17. Rac1 Rfc8 18. Qe3 b5 19. Qg5 Qd8 20. h4 Nf6 21. Bd3 Rxc1 22. Rxc1 Rc8 23. Rf1 Kg7 24. f4 Qb6+ 25. Kh1 Qe3 26. Rf3 Rc1+ 27. Bf1 Qe2 28. Kg1 h6 29. Qg3 Nxe4 30. Qh3 Qxb2 31. Re3 Nd2 32. g3 0-1

[Event "Wch U14 Girls blitz"]
[Site "Terme Catez"]
[Date "2024.12.16"]
[Round "20"]
[White "Ferrer Naranjo, Liennys"]
[Black "Popczynska, Michalina"]
[Result "0-1"]
[WhiteElo "1862"]
[BlackElo "1750"]
[PlyCount "164"]
[EventDate "2024.12.16"]
[EventType "swiss (blitz)"]
[EventRounds "22"]
[EventCountry "SLO"]
[SourceTitle "CB51_2024"]
[SourceDate "2024.12.18"]
[SourceVersion "1"]
[SourceVersionDate "2024.12.18"]
[SourceQuality "1"]

1. e4 c5 2. Nf3 Nc6 3. d4 cxd4 4. Nxd4 g6 5. Nc3 Bg7 6. Nde2 Nf6 7. g3 d6 8. Bg2 0-0 9. 0-0 a6 10. a4 Qc7 11. h3 Bd7 12. Be3 Rfc8 13. f4 e6 14. Nd4 Nxd4 15. Bxd4 Bc6 16. Kh2 b5 17. f5 e5 18. Be3 bxa4 19. Bg5 Nd7 20. fxg6 hxg6 21. Nd5 Bxd5 22. Qxd5 Nb6 23. Qa2 Qc4 24. b3 Qxc2 25. bxa4 Qxa2 26. Rxa2 Rc7 27. a5 Nd7 28. Rd2 Bf8 29. Be3 Nc5 30. Bxc5 Rxc5 31. Rdf2 Ra7 32. Ra1 Rb7 33. Raa2 Rbb5 34. Rab2 Rxb2 35. Rxb2 Rxa5 36. Bf1 Ra4 37. Bd3 a5 38. Kg2 Rd4 39. Bb1 a4 40. Kf3 a3 41. Ra2 Ra4 42. Bc2 Ra7 43. Bb3 Kg7 44. Ke3 f5 45. Bd5 fxe4 46. Kxe4 Be7 47. h4 Ra4+ 48. Kf3 Ra5 49. Be6 Kf6 50. Bb3 d5 51. Ke3 e4 52. Kd4 Ke6 53. Ke3 Ke5 54. Rd2 Bf6 55. g4 Bxh4 56. Rh2 Bg5+ 57. Kf2 d4 58. Ke1 d3 59. Kd1 Kd4 60. Ba2 e3 61. Rh8 e2+ 62. Ke1 Rb5 63. Re8 Rb2 64. Kf2 Rxa2 65. Rb8 Rb2 66. Ra8 a2 67. Ra4+ Ke5 68. Ra5+ Kf6 69. Ra6+ Kf7 70. Ra7+ Be7 71. Ra5 Rb1 72. Rxa2 e1Q+ 73. Kf3 Qf1+ 74. Rf2 Qxf2+ 75. Kxf2 d2 76. Ke3 Bg5+ 77. Ke4 d1Q 78. Ke5 Qe2+ 79. Kd6 Rd1+ 80. Kc7 Qc2+ 81. Kb6 Rb1+ 82. Ka5 Qa2# 0-1

[Event "Wch U14 Girls blitz"]
[Site "Terme Catez"]
[Date "2024.12.16"]
[Round "7"]
[White "Lajdamik, Kinga"]
[Black "Popczynska, Michalina"]
[Result "1/2-1/2"]
[WhiteElo "1872"]
[BlackElo "1750"]
[PlyCount "107"]
[EventDate "2024.12.16"]
[EventType "swiss (blitz)"]
[EventRounds "22"]
[EventCountry "SLO"]
[SourceTitle "CB51_2024"]
[SourceDate "2024.12.18"]
[SourceVersion "1"]
[SourceVersionDate "2024.12.18"]
[SourceQuality "1"]

1. e4 c5 2. Nf3 Nc6 3. Bb5 g6 4. Bxc6 dxc6 5. d3 Bg7 6. h3 e5 7. Nc3 Ne7 8. Be3 b6 9. Qd2 Qd6 10. a4 h6 11. a5 Bb7 12. axb6 axb6 13. Rxa8+ Bxa8 14. Na4 Qc7 15. b4 Qa7 16. Nb2 cxb4 17. Qxb4 c5 18. Qa4+ Qxa4 19. Nxa4 Nc8 20. 0-0 Bc6 21. Nc3 0-0 22. Rb1 Rd8 23. Nd2 f5 24. f3 f4 25. Bf2 Rd7 26. Nc4 Rb7 27. Ra1 Rb8 28. Ra6 Be8 29. Nd5 Bb5 30. Ra3 Bxc4 31. dxc4 Nd6 32. Rb3 Nxc4 33. Bxc5 b5 34. Nc3 Bf8 35. Bxf8 Kxf8 36. Rxb5 Rxb5 37. Nxb5 Ke7 38. Kf2 Ne3 39. Na3 Kd6 40. c3 Kc5 41. Nb1 Kc4 42. g3 g5 43. h4 Nd1+ 44. Kg2 Nxc3 45. Na3+ Kc5 46. gxf4 gxf4 47. Nc2 Nb5 48. Ne1 Kc4 49. Kh3 h5 50. Kg2 Kc3 51. Kf2 Kd2 52. Ng2 Nd4 53. Ne1 Ne6 54. Ng2 1/2-1/2

[Event "Wch U14 Girls blitz"]
[Site "Terme Catez"]
[Date "2024.12.16"]
[Round "4"]
[White "Popczynska, Michalina"]
[Black "Sunea, Sara Maria"]
[Result "1/2-1/2"]
[WhiteElo "1750"]
[BlackElo "1856"]
[PlyCount "93"]
[EventDate "2024.12.16"]
[EventType "swiss (blitz)"]
[EventRounds "22"]
[EventCountry "SLO"]
[SourceTitle "CB51_2024"]
[SourceDate "2024.12.18"]
[SourceVersion "1"]
[SourceVersionDate "2024.12.18"]
[SourceQuality "1"]

1. e4 e6 2. d3 d5 3. Nd2 c5 4. Ngf3 Nc6 5. g3 d4 6. Bg2 e5 7. 0-0 Be6 8. Re1 Bd6 9. h4 h6 10. Nf1 Nge7 11. N1h2 Qd7 12. Qe2 a6 13. Bd2 b5 14. c3 0-0 15. h5 Rfb8 16. cxd4 cxd4 17. Nh4 Bb4 18. Bxb4 Nxb4 19. a3 Nbc6 20. g4 f6 21. Nf5 Nxf5 22. exf5 Bd5 23. Rac1 Rc8 24. Nf3 Ne7 25. Nh4 Bxg2 26. Kxg2 Qd5+ 27. f3 a5 28. Qe4 Qxe4 29. fxe4 b4 30. a4 Kf7 31. Ng6 Nxg6 32. hxg6+ Ke7 33. Kf2 Kd6 34. Ke2 Rab8 35. Kd2 b3 36. Rh1 Rh8 37. Rc4 Rb4 38. Rhc1 Rxc4 39. Rxc4 Rb8 40. Rc1 Rb7 41. Rc4 Rb8 42. Rc1 Rb4 43. Ra1 Kc6 44. Rc1+ Kd6 45. Ra1 Kc6 46. Rc1+ Kd6 47. Ra1 1/2-1/2

[Event "Wch U14 Girls blitz"]
[Site "Terme Catez"]
[Date "2024.12.16"]
[Round "16"]
[White "Popczynska, Michalina"]
[Black "Woytitzki, Maja"]
[Result "0-1"]
[WhiteElo "1750"]
[BlackElo "1710"]
[PlyCount "78"]
[EventDate "2024.12.16"]
[EventType "swiss (blitz)"]
[EventRounds "22"]
[EventCountry "SLO"]
[SourceTitle "CB51_2024"]
[SourceDate "2024.12.18"]
[SourceVersion "1"]
[SourceVersionDate "2024.12.18"]
[SourceQuality "1"]

1. e4 c5 2. Nf3 d6 3. d4 cxd4 4. Nxd4 Nf6 5. Nc3 a6 6. f3 g6 7. Be3 Bg7 8. Qd2 0-0 9. 0-0-0 b5 10. g4 b4 11. Nce2 a5 12. h4 h5 13. gxh5 Nxh5 14. Bh6 Na6 15. Bxg7 Kxg7 16. Nf4 Rh8 17. Nxh5+ Rxh5 18. Qh2 Nc5 19. Be2 Rh8 20. Qg3 Ne6 21. Nxe6+ Bxe6 22. Kb1 a4 23. h5 Qc7 24. Bd3 a3 25. hxg6 Bxa2+ 26. Kc1 axb2+ 27. Kd2 Qc3+ 28. Ke2 fxg6 29. Rdg1 Qf6 30. e5 dxe5 31. Qxg6+ Qxg6 32. Rxg6+ Kf7 33. Rgg1 Rxh1 34. Rxh1 b1Q 35. Rh7+ Kg8 36. Rh4 e4 37. Rxe4 Bd5 38. Rg4+ Kf7 39. Rf4+ Ke8 0-1

[Event "Wch U14 Girls blitz"]
[Site "Terme Catez"]
[Date "2024.12.16"]
[Round "15"]
[White "Woytitzki, Maja"]
[Black "Popczynska, Michalina"]
[Result "1/2-1/2"]
[WhiteElo "1710"]
[BlackElo "1750"]
[PlyCount "83"]
[EventDate "2024.12.16"]
[EventType "swiss (blitz)"]
[EventRounds "22"]
[EventCountry "SLO"]
[SourceTitle "CB51_2024"]
[SourceDate "2024.12.18"]
[SourceVersion "1"]
[SourceVersionDate "2024.12.18"]
[SourceQuality "1"]

1. Nf3 Nf6 2. g3 e6 3. Bg2 d5 4. 0-0 c5 5. d4 cxd4 6. Qxd4 Nc6 7. Qd1 Bd6 8. Nbd2 0-0 9. Re1 e5 10. e4 d4 11. Nc4 Bc7 12. c3 dxc3 13. Qxd8 Rxd8 14. bxc3 Be6 15. Na3 a6 16. Bg5 h6 17. Bxf6 gxf6 18. Nc2 Rac8 19. Ne3 Ne7 20. c4 Ba5 21. Rec1 b5 22. cxb5 axb5 23. Bf1 b4 24. Ba6 Rc6 25. Rxc6 Nxc6 26. Rc1 Nd4 27. Kg2 Nxf3 28. Kxf3 Rd6 29. Bc4 Bxc4 30. Rxc4 Rb6 31. Nd5 Rd6 32. Nxb4 Bxb4 33. Rxb4 Rd2 34. a4 Ra2 35. Rb8+ Kg7 36. Ra8 Ra3+ 37. Kg2 Kh7 38. a5 Kg7 39. a6 Kh7 40. Ra7 Kg7 41. h4 Kg6 42. Ra8 1/2-1/2

[Event "Wch U14 Girls rapid"]
[Site "Terme Catez"]
[Date "2024.12.15"]
[Round "8"]
[White "Altynbek, Aiaru"]
[Black "Popczynska, Michalina"]
[Result "1-0"]
[WhiteElo "1966"]
[BlackElo "1809"]
[PlyCount "143"]
[EventDate "2024.12.14"]
[EventType "swiss (rapid)"]
[EventRounds "11"]
[EventCountry "SLO"]
[SourceTitle "CB51_2024"]
[SourceDate "2024.12.18"]
[SourceVersion "1"]
[SourceVersionDate "2024.12.18"]
[SourceQuality "1"]

1. d4 Nf6 2. Nf3 e6 3. g3 c5 4. c3 cxd4 5. cxd4 d5 6. Nc3 Nc6 7. Bg2 Bd6 8. 0-0 0-0 9. Nb5 Bb8 10. Bf4 Bxf4 11. gxf4 Ne4 12. Nc3 Nd6 13. Ne5 f6 14. Nxc6 bxc6 15. Na4 Rb8 16. b3 Qe8 17. Qc2 Bd7 18. Qc5 Nb5 19. Nb2 a6 20. Nd3 Rf7 21. a4 Nc7 22. b4 Qc8 23. Rfc1 Qb7 24. f3 Qb6 25. Rab1 Qxc5 26. bxc5 Rff8 27. Rb6 a5 28. Rcb1 Ra8 29. Rb7 Rfc8 30. e4 Kf7 31. Bh3 Ke7 32. Kf2 g6 33. Ke3 Kd8 34. Kd2 Ke7 35. Nf2 Kd8 36. Ng4 Ke7 37. e5 f5 38. Nf6 h5 39. Rg1 Be8 40. Nxe8 Kxe8 41. Rxg6 Kd8 42. Rg8+ Ne8 43. Rh7 Rab8 44. Kc3 Rb4 45. Bf1 Rxa4 46. Ba6 Rb8 47. Rxe8+ Kxe8 48. Rh8+ Kd7 49. Rxb8 Ra3+ 50. Kd2 Rxf3 51. Rb7+ Kd8 52. Be2 Rxf4 53. Kd3 Rh4 54. Ra7 Rxh2 55. Rxa5 Rh3+ 56. Kd2 Rh4 57. Ke3 Rh3+ 58. Bf3 h4 59. Ra7 Rh2 60. Rh7 Rh3 61. Kf2 Rh2+ 62. Bg2 h3 63. Rxh3 Rxh3 64. Bxh3 Kc8 65. Ke3 Kb7 66. Bf1 Kc7 67. Kf4 Kd7 68. Ba6 Kc7 69. Kg5 Kd8 70. Kf6 Kd7 71. Be2 f4 72. Bf3 1-0

[Event "Wch U14 Girls rapid"]
[Site "Terme Catez"]
[Date "2024.12.15"]
[Round "6"]
[White "Popczynska, Michalina"]
[Black "Lajdamik, Kinga"]
[Result "0-1"]
[WhiteElo "1809"]
[BlackElo "1828"]
[PlyCount "178"]
[EventDate "2024.12.14"]
[EventType "swiss (rapid)"]
[EventRounds "11"]
[EventCountry "SLO"]
[SourceTitle "CB51_2024"]
[SourceDate "2024.12.18"]
[SourceVersion "1"]
[SourceVersionDate "2024.12.18"]
[SourceQuality "1"]

1. e4 c6 2. Nf3 d5 3. d3 Bg4 4. h3 Bxf3 5. Qxf3 e6 6. e5 c5 7. g3 Nc6 8. Qe2 Nge7 9. Bg2 Nd4 10. Qd1 Nec6 11. c3 Nf5 12. Qe2 Qc7 13. Bf4 Nfe7 14. Nd2 Ng6 15. Nf3 Be7 16. h4 Nxf4 17. gxf4 0-0-0 18. a3 Rhe8 19. Ng5 Bxg5 20. hxg5 f6 21. Rxh7 fxe5 22. fxe5 Qxe5 23. Qxe5 Nxe5 24. Ke2 Rg8 25. Rah1 Rdf8 26. Bh3 Kd7 27. Bg2 Ng6 28. Ke3 Rf5 29. R7h5 Rgf8 30. Rf1 Nf4 31. Rh2 Rxg5 32. Bh1 Ng6 33. Rg2 Rxg2 34. Bxg2 Kd6 35. Rg1 Nf4 36. Bf1 g6 37. Be2 Rf6 38. Bg4 b6 39. d4 e5 40. dxe5+ Kxe5 41. Rd1 Ng2+ 42. Ke2 d4 43. cxd4+ cxd4 44. f3 Nf4+ 45. Kd2 Kd5 46. Re1 Rd6 47. Re4 Ne6 48. b4 a6 49. Kd3 g5 50. Bxe6+ Rxe6 51. Rxd4+ Ke5 52. Re4+ Kf5 53. Rd4 b5 54. Rg4 Re1 55. Rg2 Ra1 56. Kd4 Rxa3 57. Rg3 Ra1 58. Kc5 Rb1 59. Rg4 Rb3 60. Rg3 Re3 61. Kb6 Re6+ 62. Kc5 Rh6 63. Rg2 Rh4 64. Kb6 Rxb4 65. Kxa6 Rb3 66. Rg3 Rb1 67. Ka5 Rb2 68. Rg4 Rb3 69. Rg3 Re3 70. Kxb5 Re5+ 71. Kc4 Kf4 72. Rh3 Re3 73. Kd4 Rxf3 74. Rh8 g4 75. Rf8+ Kg3 76. Rg8 Rf1 77. Kd3 Re1 78. Kd2 Re6 79. Kd3 Kh3 80. Rh8+ Kg2 81. Rg8 g3 82. Kd2 Kh2 83. Rh8+ Kg1 84. Rg8 g2 85. Kd3 Rh6 86. Ke2 Kh1 87. Kf2 Rf6+ 88. Ke2 g1Q 89. Rh8+ Qh2+ 0-1

[Event "Wroclaw Anderssen Memorial op"]
[Site "Wroclaw"]
[Date "2024.08.15"]
[Round "9"]
[White "Frac, Pawel"]
[Black "Popczynska, Michalina"]
[Result "1-0"]
[WhiteElo "1616"]
[BlackElo "1795"]
[PlyCount "115"]
[EventDate "2024.08.15"]
[EventType "swiss (blitz)"]
[EventRounds "9"]
[EventCountry "POL"]
[SourceTitle "CBM 221 Extra"]
[Source "ChessBase"]
[SourceDate "2024.09.30"]
[SourceVersion "1"]
[SourceVersionDate "2024.09.30"]
[SourceQuality "1"]

1. e4 c5 2. Ne2 Nc6 3. g3 g6 4. Bg2 Bg7 5. c3 e5 6. Na3 d6 7. Nc2 Nge7 8. d4 cxd4 9. cxd4 exd4 10. Nexd4 d5 11. exd5 Nxd5 12. Nxc6 bxc6 13. 0-0 0-0 14. Ne3 Be6 15. Nxd5 Bxd5 16. Bxd5 Qxd5 17. Qxd5 cxd5 18. Rd1 Rfd8 19. Rb1 Rac8 20. b3 Rc2 21. Rd2 Rdc8 22. Rxc2 Rxc2 23. a4 Bd4 24. Be3 Bxe3 25. fxe3 Rc3 26. b4 Rxe3 27. b5 Re6 28. Rb4 Kf8 29. a5 Re8 30. b6 axb6 31. axb6 Rb8 32. Kf2 Ke7 33. Ke3 Rb7 34. Kd4 Kd6 35. g4 f6 36. Rb5 Kc6 37. Rb3 Kd6 38. Rb5 Ke6 39. Kc5 Rb8 40. b7 Kd7 41. Kb6 d4 42. Rd5+ Ke6 43. Rxd4 Ke5 44. Rd7 Kf4 45. h3 Kg3 46. Rxh7 f5 47. gxf5 gxf5 48. Rf7 f4 49. h4 f3 50. h5 Rh8 51. Kc7 Rxh5 52. b8Q Kg2 53. Qb2+ Kg3 54. Rg7+ Kf4 55. Qd4+ Kf5 56. Qd5+ Kf6 57. Rf7+ Kg6 58. Qxf3 1-0

[Event "Wroclaw op-B"]
[Site "Wroclaw"]
[Date "2024.08.12"]
[Round "6"]
[White "Haluja, Wiktor"]
[Black "Popczynska, Michalina"]
[Result "1/2-1/2"]
[WhiteElo "1870"]
[BlackElo "1795"]
[PlyCount "96"]
[EventDate "2024.08.08"]
[EventType "swiss"]
[EventRounds "9"]
[EventCountry "POL"]
[SourceTitle "EXT 2025"]
[Source "ChessBase"]
[SourceDate "2024.10.14"]
[SourceVersion "1"]
[SourceVersionDate "2024.10.14"]
[SourceQuality "1"]

1. e4 c5 2. Nf3 d6 3. d4 cxd4 4. Nxd4 Nf6 5. Nc3 Nc6 6. Bg5 e6 7. Qd3 a6 8. 0-0-0 Be7 9. h4 Nxd4 10. Qxd4 Qa5 11. Kb1 h6 12. Bxf6 gxf6 13. f4 Bd7 14. Bd3 0-0-0 15. b4 Qc7 16. b5 axb5 17. Nxb5 Bxb5 18. Bxb5 Kb8 19. Rh3 Qa5 20. Rb3 Rc8 21. c4 Qa7 22. Qc3 Rhd8 23. Qb4 Kc7 24. e5 Ra8 25. a4 fxe5 26. fxe5 Qc5 27. exd6+ Bxd6 28. Qxc5+ Bxc5 29. Rf1 f5 30. Re1 Kd6 31. Rd3+ Ke7 32. Rd5 Bf2 33. Re2 Bxh4 34. Rxf5 Rd1+ 35. Kc2 Re1 36. Rxe1 Bxe1 37. Rh5 Rh8 38. g4 Kf6 39. g5+ Kg6 40. Rh1 Ba5 41. gxh6 Rxh6 42. Be8+ Kg5 43. Rd1 b6 44. Rb1 Kf4 45. Rf1+ Ke5 46. Rf7 Rh2+ 47. Kb1 Kd4 48. Rf4+ Ke5 1/2-1/2

[Event "Wroclaw op-B"]
[Site "Wroclaw"]
[Date "2024.08.10"]
[Round "4"]
[White "Brudnicki, Pawel"]
[Black "Popczynska, Michalina"]
[Result "1/2-1/2"]
[WhiteElo "1699"]
[BlackElo "1795"]
[PlyCount "43"]
[EventDate "2024.08.08"]
[EventType "swiss"]
[EventRounds "9"]
[EventCountry "POL"]
[SourceTitle "EXT 2025"]
[Source "ChessBase"]
[SourceDate "2024.10.14"]
[SourceVersion "1"]
[SourceVersionDate "2024.10.14"]
[SourceQuality "1"]

1. e4 c5 2. Nf3 d6 3. d4 cxd4 4. c3 d3 5. Bxd3 Nf6 6. c4 Nc6 7. Nc3 g6 8. h3 Bg7 9. Be3 0-0 10. Qd2 Bd7 11. Bh6 a5 12. a3 a4 13. Qe3 Qa5 14. Nd2 Qc5 15. Qxc5 dxc5 16. Bxg7 Kxg7 17. Nf3 Be6 18. Ng5 Nd4 19. Ne2 Nxe2 20. Nxe6+ fxe6 21. Kxe2 Nd7 22. Rhd1 1/2-1/2

[Event "Wroclaw op-B"]
[Site "Wroclaw"]
[Date "2024.08.09"]
[Round "2"]
[White "Lasok, Marek"]
[Black "Popczynska, Michalina"]
[Result "1-0"]
[WhiteElo "1968"]
[BlackElo "1795"]
[PlyCount "83"]
[EventDate "2024.08.08"]
[EventType "swiss"]
[EventRounds "9"]
[EventCountry "POL"]
[SourceTitle "EXT 2025"]
[Source "ChessBase"]
[SourceDate "2024.10.14"]
[SourceVersion "1"]
[SourceVersionDate "2024.10.14"]
[SourceQuality "1"]

1. e4 c5 2. Nf3 Nc6 3. d4 cxd4 4. Nxd4 g6 5. c4 Bg7 6. Be3 Nf6 7. Nc3 0-0 8. Be2 d6 9. 0-0 Bd7 10. Qd2 Nxd4 11. Bxd4 Bc6 12. f3 a5 13. b3 Nd7 14. Be3 Nc5 15. Rab1 Qc7 16. Nd5 Bxd5 17. cxd5 Rfc8 18. Rfc1 Qd7 19. a4 Qd8 20. Bb5 h5 21. Rc4 Kh7 22. f4 b6 23. Bc6 Rab8 24. Bb5 Nb7 25. Bc6 Nc5 26. Qe2 e6 27. b4 Na6 28. b5 Nc5 29. dxe6 fxe6 30. Rd1 Qe7 31. f5 exf5 32. exf5 gxf5 33. Qxh5+ Kg8 34. Bd5+ Kf8 35. Qxf5+ Ke8 36. Bg5 Qf8 37. Re1+ Be5 38. Qg6+ Kd7 39. Qh7+ Ke8 40. Rf4 Rb7 41. Rf6 Qf7 42. Rxf7 1-0

[Event "EU-ch U12 Girls rapid"]
[Site "Terme Catez"]
[Date "2023.09.29"]
[Round "7"]
[White "Aydogan, Arya"]
[Black "Popczynska, Michalina"]
[Result "1-0"]
[WhiteElo "1465"]
[BlackElo "1335"]
[PlyCount "83"]
[EventDate "2023.09.28"]
[EventType "swiss (rapid)"]
[EventRounds "9"]
[EventCountry "SLO"]
[SourceTitle "EXT 2024"]
[Source "ChessBase"]
[SourceDate "2023.10.10"]
[SourceVersion "1"]
[SourceVersionDate "2023.10.10"]
[SourceQuality "1"]

1. e4 c5 2. Nf3 Nc6 3. Bb5 g6 4. 0-0 Bg7 5. c3 Nf6 6. Re1 0-0 7. d4 d5 8. e5 Ne4 9. Bxc6 bxc6 10. Nbd2 cxd4 11. cxd4 Bf5 12. Nh4 Nxd2 13. Nxf5 Nc4 14. Ne3 Nxe3 15. Bxe3 Rb8 16. Qc2 Qb6 17. b3 f6 18. f4 Kh8 19. Rac1 Rbc8 20. Qc5 Rfe8 21. Rc2 Rc7 22. Rec1 Rec8 23. Bd2 f5 24. Ba5 Qxc5 25. Rxc5 Rd7 26. Rxc6 Rxc6 27. Rxc6 Bh6 28. g3 Kg7 29. Kf2 g5 30. Kf3 gxf4 31. gxf4 Rb7 32. Re6 Rd7 33. Bb4 Rb7 34. Bxe7 Rc7 35. Bc5 a5 36. Ra6 Rd7 37. Rxa5 Kf7 38. e6+ Kxe6 39. Ra6+ Kf7 40. Rxh6 Kg7 41. Rd6 Rb7 42. Rxd5 1-0

[Event "EU-ch U12 Girls rapid"]
[Site "Terme Catez"]
[Date "2023.09.28"]
[Round "4"]
[White "Vujovic, Vera"]
[Black "Popczynska, Michalina"]
[Result "1-0"]
[WhiteElo "1824"]
[BlackElo "1335"]
[PlyCount "125"]
[EventDate "2023.09.28"]
[EventType "swiss (rapid)"]
[EventRounds "9"]
[EventCountry "SLO"]
[SourceTitle "EXT 2024"]
[Source "ChessBase"]
[SourceDate "2023.10.10"]
[SourceVersion "1"]
[SourceVersionDate "2023.10.10"]
[SourceQuality "1"]

1. e4 c5 2. Nf3 Nc6 3. Bb5 g6 4. 0-0 Bg7 5. c3 e5 6. Na3 Nge7 7. Nc4 d6 8. d4 exd4 9. cxd4 cxd4 10. Nxd4 0-0 11. Be3 a6 12. Nxc6 bxc6 13. Ba4 d5 14. Bb6 Qd7 15. exd5 Nxd5 16. Bc5 Re8 17. Qf3 Bb7 18. Rad1 Re6 19. Nb6 Qc7 20. Nxa8 Bxa8 21. Rfe1 Be5 22. Bd4 Bxh2+ 23. Kh1 Be5 24. Bxe5 Rxe5 25. Rxe5 Qxe5 26. Qh3 Qb8 27. Bb3 Kg7 28. Re1 Qd8 29. Bxd5 Qxd5 30. Qc3+ Kh6 31. Qe3+ g5 32. Qe5 c5 33. Qxd5 Bxd5 34. Re5 Bxa2 35. Rxc5 Kh5 36. b4 Bb1 37. Rc3 Bf5 38. Ra3 Bc8 39. Ra5 Kh4 40. Kh2 Kh5 41. Rd5 Be6 42. Rd4 h6 43. f3 g4 44. Kg3 gxf3 45. gxf3 Kg5 46. Kf2 h5 47. Kg3 f6 48. f4+ Kf5 49. Kh4 Kg6 50. Kg3 Bg4 51. Rd2 Kf5 52. Ra2 h4+ 53. Kxh4 Kxf4 54. Rxa6 f5 55. b5 Be2 56. Ra4+ Ke3 57. b6 Bf3 58. Ra3+ Kf2 59. Rxf3+ Kxf3 60. b7 f4 61. b8Q Ke3 62. Kg4 f3 63. Qf4+ 1-0

[Event "POL-chT 2nd League"]
[Site "Jastrzebia Gora"]
[Date "2023.09.06"]
[Round "5.66"]
[White "Popczynska, Michalina"]
[Black "Bednarska Bzdega, Malgorzata"]
[Result "1/2-1/2"]
[WhiteElo "1502"]
[BlackElo "1907"]
[PlyCount "46"]
[EventDate "2023.09.02"]
[EventType "team-swiss"]
[EventRounds "9"]
[EventCountry "POL"]
[SourceTitle "CBM 216 Extra"]
[Source "ChessBase"]
[SourceDate "2023.11.30"]
[SourceVersion "1"]
[SourceVersionDate "2023.11.30"]
[SourceQuality "1"]
[WhiteTeam "Wroclaw Srodmiescie"]
[BlackTeam "Warszawa YMCA"]
[WhiteTeamCountry "POL"]
[BlackTeamCountry "POL"]

1. e4 d5 2. exd5 Nf6 3. d4 Nxd5 4. Bc4 g6 5. Nf3 Bg7 6. Nc3 Nxc3 7. bxc3 0-0 8. 0-0 c5 9. Be3 Nc6 10. Rb1 Qc7 11. Qe2 Bg4 12. Rfd1 Rad8 13. dxc5 Rxd1+ 14. Rxd1 Ne5 15. Bb3 Qc8 16. Bd4 Bxf3 17. gxf3 Qf5 18. Bxe5 Bxe5 19. Rd5 Qg5+ 20. Kh1 Qc1+ 21. Kg2 Qg5+ 22. Kh1 Qc1+ 23. Kg2 Qg5+ 1/2-1/2